00805nab a22001697a 4500003000400000005001700004008004100021040000800062041000800070044000800078100012500086245015300211260001000364500006100374700011900435773008100554BPK20160805114600.0160805b2003 un ||||| |||| 00| ||eng  cBPK aeng aUKR aANDRIYEVSKYY, Bohdan.d2001 - .bPolitechnika Koszalińska - Wydział Elektroniki,cKatedra Elektroniki Ciała Stałego aDispersion of refractive index of dielectrics as a basis for reconstruction of fundamental absorption spectrum /cBohdan Andriyevsky, Aleksy Patryn. c2003. aDane z listy publikacji prof. Bohdana Andriyevskyy, ego. aPATRYN, Aleksy.d1996 - .bPolitechnika Koszalińska - Wydział Elektroniki,cKatedra Elektroniki Ciała Stałego iW :tPhysics and Chemistry of Solid State. -g2003, Vol. 4, no 4, p. 663-668